Abraham Lincoln papers, (Record no. 42889)

MARC details
000 -LEADER
fixed length control field 00870cpcaa2200229 a 4500
001 - CONTROL NUMBER
control field mm 80050195
003 - CONTROL NUMBER IDENTIFIER
control field DLC
005 - DATE AND TIME OF LATEST TRANSACTION
control field 20260227111704.0
008 - FIXED-LENGTH DATA ELEMENTS--GENERAL INFORMATION
fixed length control field 800902|||||||||||| eng
010 ## - LIBRARY OF CONGRESS CONTROL NUMBER
LC control number mm 80050195
040 ## - CATALOGING SOURCE
Original cataloging agency DLC
Transcribing agency DLC
Modifying agency DLC
Description conventions dacs
072 #7 - SUBJECT CATEGORY CODE
Subject category code W
Source lcmd
100 1# - MAIN ENTRY--PERSONAL NAME
Personal name Lincoln, Abraham,
Dates associated with a name 1809-1865.
245 00 - TITLE STATEMENT
Title Abraham Lincoln papers,
Inclusive dates 1838-1934.
300 ## - PHYSICAL DESCRIPTION
Extent 2
Type of unit microfilm reels.
506 0# - RESTRICTIONS ON ACCESS NOTE
Terms governing access Open to research.
533 ## - REPRODUCTION NOTE
Type of reproduction Microfilm of originals in the New York Public Library (New York).
Place of reproduction [S.l.].
535 1# - LOCATION OF ORIGINALS/DUPLICATES NOTE
Custodian New York Public Library,
Postal address New York, NY
545 0# - BIOGRAPHICAL OR HISTORICAL DATA
Biographical or historical data Lawyer, state legislator, U.S. representative from Illinois, U.S. president, and abolitionist.
656 #7 - INDEX TERM--OCCUPATION
Occupation Presidents
Geographic subdivision United States.
Source of term itoamc

No items available.

Powered by Koha